एस धम्मो सनंतनो. (Record no. 270894)

MARC details
000 -LEADER
fixed length control field 00538nam a2200181Ia 4500
008 - FIXED-LENGTH DATA ELEMENTS--GENERAL INFORMATION
fixed length control field 090630s9999 xx 000 0 und d
082 ## - DEWEY DECIMAL CLASSIFICATION NUMBER
Item number 19038
100 ## - MAIN ENTRY--PERSONAL NAME
Personal name ओशो.
245 ## - TITLE STATEMENT
Title एस धम्मो सनंतनो.
Statement of responsibility, etc ओशो.
260 ## - PUBLICATION, DISTRIBUTION, ETC. (IMPRINT)
Name of publisher, distributor, etc स्वामी - पुणे.
Date of publication, distribution, etc 1973
300 ## - PHYSICAL DESCRIPTION
Extent 48
600 ## - SUBJECT ADDED ENTRY--PERSONAL NAME
Personal name ओशो.
630 ## - SUBJECT ADDED ENTRY--UNIFORM TITLE
Uniform title एस धम्मो सनंतनो.
655 ## - INDEX TERM--GENRE/FORM
Genre/form data or focus term धार्मिक.
700 ## - ADDED ENTRY--PERSONAL NAME
Personal name ओशो.
730 ## - ADDED ENTRY--UNIFORM TITLE
Uniform title एस धम्मो सनंतनो.
942 ## - ADDED ENTRY ELEMENTS (KOHA)
Koha item type Book
Holdings
Withdrawn status Lost status Damaged status Not for loan Home library Current library Date acquired Cost, normal purchase price Total Checkouts Full call number Barcode Date last seen Cost, replacement price Price effective from Koha item type
        Sarvajanik Wachanalaya Shrivardhan Sarvajanik Wachanalaya Shrivardhan 04/07/2000 12.00   19038 SAWASHRI-19038 06/30/2009 12.00 06/30/2009 Book